Druhy a základné prvky praktického usudzovania

Bibliographic Details
Main Author: Audi, Robert, 1941- (Author)
Other Authors: Višňovský, Emil, 1956- (Translator)
Format: Article
Language:Slovak
Subjects:

MARC

LEADER 00000nab a2200000 a 4500
001 vtls000691428
003 SK-MaSNL
005 20260304094908.0
008 250425c1999 xo 0 slo
015 |a SNBRB1999/03-08467 
035 |a CLN000043595 
035 |a urn:nbn:sk:snk-ab9jal 
035 |a (urnnbn)urn:nbn:sk:snk:ar-a08grr 
035 |a (uuid)a41cf334-884b-4818-9657-5c786a21cfaa 
040 |a SNKBUCL  |b slo  |c SNKBUCL  |e AACR2 
041 0 |a slo 
044 |a xo  |c SK 
080 |a 161.2  |2 1997 
080 |a 162  |2 1997 
100 1 |a Audi, Robert,  |d 1941-  |4 aut  |9 1391689 
245 1 0 |a Druhy a základné prvky praktického usudzovania  |c Robert Audi ; preložil Emil Višňovský 
504 |a Bibliogr. odkazy 
504 |a Res. angl. 
504 |a Biogr. údaje 
650 0 7 |a usudzovanie praktické  |2 snkbucl  |9 1391690 
655 7 |a články z novín a časopisov  |2 snkbucl  |9 267496 
700 1 |a Višňovský, Emil,  |d 1956-  |4 trl  |9 108257 
773 0 |t ORGANON F  |g Roč. 6, č. 1 (1999), s. 27-49  |x 1335-0668 
850 |a Slovenská národná knižnica 
852 |a Slovenská národná knižnica 
954 |a odborná, vedecká literatúra pôvodná (slovenská)  |2 lita 
958 |a article13 
958 |a US 
958 |a NB 
958 |a OND 
958 |a EUIPO 
992 |a RBX 
999 |c 2829554  |d 2831484